000 01376naa a22003617a 4500
001 BR8302423
003 BR-BrBNA
005 20240918175235.0
007 ta
008 230509b bl.||||| |||| 00| 0 por d
040 _aBR-BrBNA
_bpor
_cBiblioteca Nacional de Agricultura
041 _a(Pt)
072 _aL36
_b6100
_b8954
_b1540
_b3740
090 _aL36 BR8302423
100 1 _aCurtarelli, S.M.
100 1 _aAriki, J.
100 1 _aSilveira, J.J.N.
100 1 _aSouza, P.A. de
100 1 _aCurtarelli, A.
111 1 _a8. Congresso Latino Americano de Avicultura; 8. Congresso Brasileiro de Avicultura
_cCamboriu, SC (Brazil)
_d12-15 Oct 1983
245 1 _aAdicao de xantofilas em racoes a base de mandioca para poedeiras [galinha para postura, pigmento]
260 3 _aCamboriu, SC (Brasil):
_c1983.
500 _aAnais do 8. Congresso Latino Americano de Avicultura e 8. Congresso Brasileiro de Avicultura Camboriu, SC (Brasil): 1983. p. 96-104 (BR8302423-AM)L36
650 _aGALINHA PARA POSTURA
650 _aRACAO
650 _aPIGMENTO
650 _aRASPA
650 _aMANDIOCA
650 _aCOMPOSICAO QUIMICA
773 0 _tAnais do 8. Congresso Latino Americano de Avicultura e 8. Congresso Brasileiro de Avicultura
_wL36 BR8302423
_gCamboriu, SC (Brasil), 1983. p. 96-104
909 _a202404
_bLucia
_c55
_dLucia Elande
942 _cAM
_2AGRIS
999 _c315826
_d315826